000
00277nam a2200109Ia 4500
008
220204s9999 xx 000 0 und d
082
_a
82-3
_b
MOR
245
0
_a
More tales from Shakespeare
260
_a
S Chand
490
_a
Great Stories in Easy English S E Paces
942
_c
BK
999
_c
35513
_d
35513